000 00322nam a22001457a 4500
003 SGT
020 _a978-81-312-0303-3
082 _a611
_bC18S
100 _aSINGH,VISHRAM
245 _aCLINICAL AND SURGICAL ANATOMY
260 _aNEW DELHI
_bELSEVIER
_c2018
300 _a508
650 _aAYURVEDA
942 _2ddc
_cBK
_013
999 _c16912
_d16912